000 00640nam a2200181Ia 4500
008 100920s9999 xx 000 0 und d
082 _b15237
_a320 थ 63
100 _aबडोदेकर जयवंत.
245 _aयुतिशिवाय गति नाही.
260 _bविवेक मुद्रणालय, मुंबई.
_c1963
300 _a76
_bसाधी
365 _b1.25
520 _aराजकारण.
630 _aयुतिशिवाय गति नाही.
650 _aराजकारण.
730 _aयुतिशिवाय गति नाही.
942 _cBOOK
999 _c678833
_d678830